|
|
|
|
| LEADER |
00000cas a2200000 a 4500 |
| 001 |
vtls008182116 |
| 003 |
SK-MaSNL |
| 005 |
20260228163525.0 |
| 008 |
050701c19999999xo mr|p 0 b0slo |
| 022 |
|
|
|a 1339-0538
|
| 040 |
|
|
|a SNK
|b slo
|c SNK
|e AACR2
|
| 041 |
0 |
|
|a slo
|
| 043 |
|
|
|a e-xo---
|
| 044 |
|
|
|a xo
|c SK
|
| 072 |
|
7 |
|a 352/354
|x Stupne miestnej, oblastnej a ústrednej správy
|2 konspekt
|
| 072 |
|
7 |
|a 316.7
|x Sociológia kultúry. Kultúrny život
|2 konspekt
|
| 072 |
|
7 |
|a 394
|x Verejný a spoločenský život. Každodenný život
|2 konspekt
|
| 080 |
|
|
|a 353.9
|2 2011
|
| 080 |
|
|
|a 316.728
|2 2011
|
| 080 |
|
|
|a 394
|2 2011
|
| 080 |
|
|
|a 050
|2 2011
|
| 080 |
|
|
|a (051)+(054)
|2 2011
|
| 210 |
0 |
|
|a Račiansky výb.
|
| 222 |
|
0 |
|a Račiansky výber
|
| 245 |
0 |
0 |
|a Račiansky výber
|b noviny mestskej časti Bratislava-Rača
|
| 260 |
|
|
|a Bratislava
|b MÚ MČ Bratislava-Rača
|c 1999-
|
| 310 |
|
|
|a 1x mesačne
|
| 362 |
0 |
|
|a 1999-
|
| 500 |
|
|
|a Popis podľa: Č. 12/2003
|
| 500 |
|
|
|a Registračné č.: 1/99 OÚ Bratislava III ; EV 2979/09
|
| 500 |
|
|
|a Redaktori sa menia
|
| 650 |
0 |
7 |
|a územná samospráva
|2 SNKPH
|9 802
|
| 650 |
0 |
7 |
|a každodenný život
|2 SNKPH
|9 4946
|
| 655 |
|
7 |
|a miestne periodiká
|2 SNKPH
|9 160938
|
| 710 |
1 |
|
|a Rača (Bratislava, Slovensko).
|b Miestny úrad
|4 pbl
|9 63083
|
| 780 |
0 |
0 |
|t Račiansky mesačník
|
| 856 |
4 |
1 |
|u https://www.raca.sk/raciansky-vyber/
|
| 910 |
|
|
|a snk
|
| 999 |
|
|
|c 9741
|d 11671
|
| 952 |
|
|
|0 0
|1 0
|4 0
|7 0
|8 0
|a SNK
|b SNK
|d 2020-12-15
|i snk2020/22739
|l 0
|o snkČSB 7154/2019
|p 17A1433202
|r 2026-02-21 19:24:30
|t č. 1-12
|w 2026-02-21
|y PREZ
|
| 952 |
|
|
|0 0
|1 0
|4 0
|7 0
|8 0
|a SNK
|b SNK
|d 2023-07-18
|i snk2023/10984
|l 0
|o snkČSB 7154/18/2020
|p 17A1521024
|r 2026-02-21 19:29:45
|t č. 1-12
|w 2026-02-21
|y PREZ
|
| 952 |
|
|
|0 0
|1 0
|4 0
|7 0
|8 0
|a SNK
|b SNK
|d 2023-07-18
|i snk2023/10987
|l 0
|o snkČSB 7154/19/2021
|p 17A1521025
|r 2026-02-21 19:29:45
|t č. 1-12
|w 2026-02-21
|y PREZ
|
| 952 |
|
|
|0 0
|1 0
|4 0
|7 0
|8 0
|a SNK
|b SNK
|d 2023-07-18
|i snk2023/10988
|l 0
|o snkČSB 7154/19/2022
|p 17A1521026
|r 2026-02-21 19:29:45
|t č. 1-12
|w 2026-02-21
|y PREZ
|z Chybný ročník
|
| 952 |
|
|
|0 0
|1 0
|4 0
|7 0
|8 0
|a SNK
|b SNK
|d 2019-06-26
|i snk2019/17340
|l 0
|o snkČSB 7154/2003
|p 17A1368931
|r 2026-02-21 22:14:53
|t č. 1-12, neúplné
|w 2026-02-21
|y PREZ
|z Chýba č. 1-11
|
| 952 |
|
|
|0 0
|1 0
|4 0
|7 0
|8 0
|a SNK
|b SNK
|d 2019-06-26
|i snk2019/17341
|l 0
|o snkČSB 7154/2004
|p 17A1368932
|r 2026-02-21 22:14:53
|t č. 1-12, neúplné
|w 2026-02-21
|y PREZ
|z Chýba č. 9-12
|
| 952 |
|
|
|0 0
|1 0
|4 0
|7 0
|8 0
|a SNK
|b SNK
|d 2019-06-26
|i snk2019/17342
|l 0
|o snkČSB 7154/2011
|p 17A1368933
|r 2026-02-21 22:14:53
|t č. 1-10, neúplné
|w 2026-02-21
|y PREZ
|z Chýba č. 1-7
|
| 952 |
|
|
|0 0
|1 0
|4 0
|7 0
|8 0
|a SNK
|b SNK
|d 2019-06-26
|i snk2019/17343
|l 0
|o snkČSB 7154/2012
|p 17A1368934
|r 2026-02-21 22:14:53
|t č. 1-12
|w 2026-02-21
|y PREZ
|
| 952 |
|
|
|0 0
|1 0
|4 0
|7 0
|8 0
|a SNK
|b SNK
|d 2019-06-26
|i snk2019/17345
|l 0
|o snkČSB 7154/2013
|p 17A1368935
|r 2026-02-21 22:14:53
|t č. 1-12
|w 2026-02-21
|y PREZ
|
| 952 |
|
|
|0 0
|1 0
|4 0
|7 0
|8 0
|a SNK
|b SNK
|d 2019-06-26
|i snk2019/17348
|l 0
|o snkČSB 7154/2014
|p 17A1368936
|r 2026-02-21 22:14:53
|t č. 1-12 + 1 príl.
|w 2026-02-21
|y PREZ
|
| 952 |
|
|
|0 0
|1 0
|4 0
|7 0
|8 0
|a SNK
|b SNK
|d 2019-06-26
|i snk2019/17349
|l 0
|o snkČSB 7154/2015
|p 17A1368937
|r 2026-02-21 22:14:53
|t č. 1-12
|w 2026-02-21
|y PREZ
|
| 952 |
|
|
|0 0
|1 0
|4 0
|7 0
|8 0
|a SNK
|b SNK
|d 2019-06-26
|i snk2019/17351
|l 0
|o snkČSB 7154/2016
|p 17A1368938
|r 2026-02-21 22:14:53
|t č. 1-12
|w 2026-02-21
|y PREZ
|
| 952 |
|
|
|0 0
|1 0
|4 0
|7 0
|8 0
|a SNK
|b SNK
|d 2019-06-26
|i snk2019/17352
|l 0
|o snkČSB 7154/2017
|p 17A1368939
|r 2026-02-21 22:14:53
|t č. 1-12
|w 2026-02-21
|y PREZ
|
| 952 |
|
|
|0 0
|1 0
|4 0
|7 0
|8 0
|a SNK
|b SNK
|d 2019-06-26
|i snk2019/17353
|l 0
|o snkČSB 7154/2018
|p 17A1368940
|r 2026-02-21 22:14:53
|t č. 1-12
|w 2026-02-21
|y PREZ
|